000 00682nam a2200253 i 4500
001 C2-0123500
003 PPAK
005 20180727114426.0
008 970902s1995 my a|||| ||||| | eng d
020 _a9838431354
040 _aPPAK
_beng
_cPPAK
_erda
082 0 4 _a823
_223
090 0 0 _a823
_bTAN
_dK
100 1 _aTan, Teresa,
_eauthor
245 1 4 _aThe wise sultan
264 1 _aKuala Lumpur :
_bSyarikat Makmur ,
_c1995
300 _a31 pages :
_bcolour illustrations ;
_c21 cm
336 _2rdacontent
_atext
337 _2rdamedia
_aunmediated
338 _2rdacarrier
_avolume
490 1 _aYoung readers series
830 0 _aYoung readers series
942 _ddc
_cB
999 _c36025
_d36025